Man United 21st Century best Starting XI - Statistics

General Stats
  • This quiz has been taken 100 times
  • The average score is 9 of 11
Answer Stats
Position Player % Correct
CB Ferdinand
95%
LM Ronaldo
95%
DM Scholes
95%
ST Rooney
93%
GK Van Der Sar
93%
CB Vidić
87%
RB Neville
83%
CM Giggs
81%
LB Evra
79%
RM Beckham
73%
ST Van Nistelrooy
64%
No matching quizzes found
Score Distribution
Percent of People with Each Score
Percentile by Number Answered
Your Score History
You have not taken this quiz